Sports Quiz

Random Sports or NFL Quiz

NFL 14+ Win Seasons 2000-2010 Quiz Stats

 Plays Quiz not verified by Sporcle

Score 0/9 Timer 01:00
0 Plays Today
Year Team % Correct
2003New England Patriots
99.4%
2004New England Patriots
99.4%
2007New England Patriots
99.4%
2010 New England Patriots
99.4%
2005Indianapolis Colts
94.4%
2009Indianapolis Colts
94.4%
2004Pittsburgh Steelers
88.8%
2001St Louis Rams
73.8%
2006San Diego Chargers
61.3%

You're not logged in!

Compare scores with friends on all Sporcle quizzes.
OR
Log In

You Might Also Like...

Show Comments

Extras

Created Dec 22, 2011ReportNominate
Tags:NFL Quiz, 2000s, record, season, team, win

Top Quizzes Today


Score Distribution

Your Account Isn't Verified!

In order to create a playlist on Sporcle, you need to verify the email address you used during registration. Go to your Sporcle Settings to finish the process.

Report this User

Report this user for behavior that violates our Community Guidelines.

Details: